| 000 | 00930cam a22002533a 4500 | ||
|---|---|---|---|
| 001 | 9895 | ||
| 003 | PGUSA | ||
| 005 | 20140828083217.0 | ||
| 008 | 060201s2006||||xxu|||||s|||||000 1 eng d | ||
| 040 |
_aPGUSA _beng |
||
| 042 | _adc | ||
| 050 | 4 | _aPQ | |
| 100 | 1 |
_aVoltaire, _d1694-1778 |
|
| 245 | 1 | 0 |
_aNovelas de Voltaire — Tomo Primero _h[electronic resource] / _cVoltaire |
| 260 |
_bProject Gutenberg, _c2006 |
||
| 505 | 0 | _aComo Anda el Mundo, Vision de Babuco -- Memnon, ó La Cordura Humana -- Los Dos Consolados -- Historia de los Viages de Escarmentado -- Micromegas, Historia Filosofica -- Historia de un Buen Brama. | |
| 506 | _aPublic domain in the USA. | ||
| 516 | _aElectronic text | ||
| 653 | _aFrench fiction -- Translations into Spanish | ||
| 653 | _aVoltaire, 1694-1778 -- Translations into Spanish | ||
| 830 | 0 |
_aProject Gutenberg _v9895 |
|
| 856 | 4 | 0 | _uhttp://www.gutenberg.org/ebooks/9895 |
| 942 | _cEB | ||
| 999 |
_c239151 _d239151 |
||